00632nam a2200157Ia 4500008004100000024005100041082001600092100006500108110002100173245007000194260002600264600002700290650003300317952010700350999001700457260210s9999 xx 000 0 und d a12B-166-EL, 12B-134-EL, 11B-191-EL, 11B-125-EL a621.319 AHM aSyed Ahsan Ahmed, Muhammad Hammad, Huma Rauf & Arsalan Ahmed aEngr. Raza Jafri 2aA Novel Selective Switiching Scheme for Power Distribution System aKarachi:bUITU,c2012 aElectrical Engineering aBachelor of Engineering (BE) 001040708PR-EEaUITUbUITUd2022-07-26l0o621.319 AHMpEE-358r2026-02-10 12:00:16w2026-02-10yPR c33172d33172